Deutscher WM-Kader 2022 - Statistiken

Allgemein
  • Dieses Quiz wurde 25.272 mal gespielt
  • Das Durchschnittsergebnis liegt bei 19 aus 27
Antwortstatistiken
# Position Verein Spieler % Korrekt
1 Tor Bayern München Manuel Neuer
99%
22 Tor FC Barcelona Marc-André ter Stegen
93%
13 Mittelfeld / Angriff Bayern München Thomas Müller
91%
2 Abwehr Real Madrid Antonio Rüdiger
88%
12 Tor Eintracht Frankfurt Kevin Trapp
86%
6 Mittelfeld / Angriff Bayern München Joshua Kimmich
84%
7 Mittelfeld / Angriff FC Chelsea Kai Havertz
84%
19 Mittelfeld / Angriff Bayern München Leroy Sané
84%
- Trainer - Hansi Flick
80%
9 Mittelfeld / Angriff Werder Bremen Niclas Füllkrug
80%
21 Mittelfeld / Angriff Manchester City İlkay Gündoğan
79%
23 Abwehr Bor. Dortmund Nico Schlotterbeck
79%
10 Mittelfeld / Angriff Bayern München Serge Gnabry
78%
14 Mittelfeld / Angriff Bayern München Jamal Musiala
77%
8 Mittelfeld / Angriff Bayern München Leon Goretzka
75%
15 Abwehr Bor. Dortmund Niklas Süle
73%
4 Abwehr SC Freiburg Matthias Ginter
71%
11 Mittelfeld / Angriff Eintracht Frankfurt Mario Götze
67%
3 Abwehr RB Leipzig David Raum
66%
17 Mittelfeld / Angriff Bor. Dortmund Julian Brandt
64%
16 Abwehr RB Leipzig Lukas Klostermann
55%
20 Abwehr SC Freiburg Christian Günter
54%
5 Abwehr West Ham United Thilo Kehrer
52%
24 Mittelfeld / Angriff Bor. Dortmund Karim Adeyemi
49%
18 Mittelfeld / Angriff Mönchengladbach Jonas Hofmann
46%
25 Abwehr FC Southampton Armel Bella-Kotchap
38%
26 Mittelfeld / Angriff Bor. Dortmund Youssoufa Moukoko
37%
Keine übereinstimmenden Quizze gefunden
Verteilung der Resultate
Anzahl Personen mit jedem Resultat
Perzentil nach korrekt beantworteten Fragen
Ihre Resultats-Entwicklung
Sie haben dieses Quiz noch nicht gespielt